00703nam a2200181 a 450000100100000000500170001000800410002702000180006804000250008608200150011111000270012624000180015324501890017126000350036030000240039550000730041950000290049200004664220201002053022.0180314s2017 dr 000 0 spa d a9789945904277 aDO-SdBNPbspacBNPHU axxxxbxxxx1 aRepública Dominicana10a[Leyes, etc.]10aLey 20-00 de propiedad intelectual; (mod. por la ley 424-06, 493-06, 2-07 ) (Adecuada conforme la Constitución vigente, las leyes 247-12, 496-06, el Dec. 56-10 y sus modificaciones). aSanto Domingo :bDalis,c2017. a160-33 p. ;c21 cm. aIncluye referencias bibliográficas y notas al pie de las páginas aEdición 35 aniversario